Countries With Over 1% of Commonwealth Population - Statistics

General Stats
  • This quiz has been taken 60 times
  • The average score is 12 of 14
Answer Stats
% Answer % Correct
2.76 UK
98%
55.12 India
96%
1.52 Canada
95%
8.14 Pakistan
93%
1.01 Australia
91%
2.33 South Africa
91%
6.73 Bangladesh
88%
7.82 Nigeria
86%
1.88 Kenya
79%
1.32 Malaysia
77%
2.07 Tanzania
77%
1.52 Uganda
68%
1.18 Ghana
63%
1.09 Mozambique
51%
No matching quizzes found
Score Distribution
Percent of People with Each Score
Percentile by Number Answered
Your Score History
You have not taken this quiz